[Event "Euskadi-chT (Vasca) Div 1st"]
[Site "Bergara"]
[Date "2017.01.21"]
[Round "2.3"]
[White "Galarza Cenzano, Inigo"]
[Black "Roldan Marques, Daniel"]
[Result "0-1"]
[WhiteElo "2015"]
[BlackElo "2209"]
[PlyCount "138"]
[EventDate "2017.01.14"]
[EventType "team-tourn"]
[EventRounds "9"]
[EventCountry "ESP"]
[SourceTitle "EXT 2024"]
[Source "ChessBase"]
[SourceDate "2023.10.10"]
[SourceVersion "1"]
[SourceVersionDate "2023.10.10"]
[SourceQuality "1"]

1. e4 e6 2. d3 d5 3. Nd2 Nf6 4. Ngf3 b6 5. exd5 exd5 6. g3 Nc6 7. Qe2+ Be7 8. Bg2 0-0 9. 0-0 Re8 10. Qd1 Bd6 11. a3 h6 12. b4 Bg4 13. h3 Nd4 14. Bb2 Nxf3+ 15. Nxf3 Bh5 16. Qd2 Bxf3 17. Bxf3 Be5 18. Bxe5 Rxe5 19. Rae1 Qd6 20. Rxe5 Qxe5 21. Re1 Qb2 22. Re7 Qxa3 23. Rxc7 Re8 24. Qf4 Qa2 25. Qf5 a5 26. Rc8 Qb1+ 27. Kg2 Qxb4 28. Bxd5 Qe7 29. Bc6 Rxc8 30. Qxc8+ Kh7 31. Qf5+ g6 32. Qb5 Qc7 33. d4 Ng8 34. c4 Ne7 35. Be4 Qd6 36. d5 Kg7 37. Bf3 Qc7 38. Qb2+ Kg8 39. Qf6 Nf5 40. Qc6 Qxc6 41. dxc6 Nd6 42. c5 bxc5 43. Bd5 Kf8 44. c7 Ke7 45. Bc6 Nc8 46. Kf3 Kd6 47. Be8 Kxc7 48. Bxf7 Ne7 49. Ke4 Kd6 50. Be8 Ke6 51. Kd3 Kd5 52. Bf7+ Kc6 53. Be8+ Kd5 54. Bf7+ Kd6 55. f4 a4 56. g4 g5 57. f5 Nc6 58. Ke4 a3 59. Bb3 Nb4 60. f6 Kd7 61. Kf5 Ke8 62. Kg6 Kf8 63. Kxh6 a2 64. Bxa2 Nxa2 65. Kxg5 c4 66. Kh6 c3 67. g5 c2 68. g6 c1Q+ 69. Kh7 Qg5 0-1

[Event "Gipuzkoa-ch"]
[Site "Donostia"]
[Date "2015.10.03"]
[Round "1.5"]
[White "Sanchez Ruesga, Carlos"]
[Black "Galarza Cenzano, Inigo"]
[Result "1/2-1/2"]
[WhiteElo "1853"]
[BlackElo "2013"]
[PlyCount "81"]
[EventDate "2015.10.03"]
[EventType "swiss"]
[EventRounds "7"]
[EventCountry "ESP"]
[SourceTitle "EXT 2024"]
[Source "ChessBase"]
[SourceDate "2023.10.10"]
[SourceVersion "1"]
[SourceVersionDate "2023.10.10"]
[SourceQuality "1"]

1. e4 c6 2. d4 d5 3. Nc3 dxe4 4. Nxe4 Bf5 5. Ng3 Bg6 6. h4 h6 7. Nf3 Nd7 8. h5 Bh7 9. Bd3 Bxd3 10. Qxd3 e6 11. Bf4 Qa5+ 12. Bd2 Bb4 13. c3 Be7 14. c4 Qc7 15. 0-0-0 Ngf6 16. Kb1 0-0 17. Ne4 Nxe4 18. Qxe4 Nf6 19. Qe2 b5 20. g3 bxc4 21. Qxc4 Nd5 22. Ka1 Rab8 23. g4 Qb7 24. Rb1 Bb4 25. Bxb4 Nxb4 26. Nd2 Qa6 27. Rhc1 Qxc4 28. Rxc4 Rfd8 29. Nb3 Rb6 30. Rd1 e5 31. Kb1 exd4 32. Rcxd4 Nd5 33. Kc1 Re8 34. Na5 Re2 35. Nc4 Ra6 36. R4d2 Rxd2 37. Rxd2 Rxa2 38. Ne5 Ra6 39. Kd1 Rb6 40. Nxc6 Rxc6 41. Rxd5 1/2-1/2

[Event "San Sebastian Gros op 25th"]
[Site "San Sebastian"]
[Date "2015.07.03"]
[Round "9"]
[White "Galarza Cenzano, Inigo"]
[Black "Sana, Mariano"]
[Result "1/2-1/2"]
[WhiteElo "2024"]
[BlackElo "2132"]
[PlyCount "65"]
[EventDate "2015.06.26"]
[EventType "swiss"]
[EventRounds "9"]
[EventCountry "ESP"]
[SourceTitle "CBM 167 Extra"]
[Source "ChessBase"]
[SourceDate "2015.09.14"]
[SourceVersion "1"]
[SourceVersionDate "2015.09.14"]
[SourceQuality "1"]

1. e4 c5 2. Nc3 Nc6 3. f4 g6 4. Nf3 Bg7 5. Bb5 Nd4 6. 0-0 Nxb5 7. Nxb5 d6 8. d3 Nf6 9. Nc3 0-0 10. Qe1 Qb6 11. Qh4 c4+ 12. Kh1 cxd3 13. cxd3 Qa6 14. Rd1 Bg4 15. Qg3 Rfd8 16. h3 Be6 17. f5 Bb3 18. Re1 Ba4 19. fxg6 hxg6 20. Qh4 Bc6 21. d4 Nh7 22. Ng5 Nxg5 23. Bxg5 Bxd4 24. Bxe7 Rd7 25. Rad1 Be5 26. Bf6 Bxf6 27. Qxf6 Qa5 28. Rd4 Re8 29. Red1 Re6 30. Qf4 Qe5 31. Qxe5 Rxe5 32. Rxd6 Rxd6 33. Rxd6 1/2-1/2

[Event "San Sebastian Gros op 25th"]
[Site "San Sebastian"]
[Date "2015.06.30"]
[Round "6"]
[White "Garcia Ortega, Jesus Angel"]
[Black "Galarza Cenzano, Inigo"]
[Result "1-0"]
[WhiteElo "2159"]
[BlackElo "2024"]
[PlyCount "77"]
[EventDate "2015.06.26"]
[EventType "swiss"]
[EventRounds "9"]
[EventCountry "ESP"]
[SourceTitle "CBM 167 Extra"]
[Source "ChessBase"]
[SourceDate "2015.09.14"]
[SourceVersion "1"]
[SourceVersionDate "2015.09.14"]
[SourceQuality "1"]

1. e4 c6 2. Nc3 d5 3. Qf3 dxe4 4. Nxe4 Nd7 5. d4 Ngf6 6. Bc4 e6 7. Ne2 Nxe4 8. Qxe4 Nf6 9. Qf3 Bd6 10. 0-0 Qc7 11. Bf4 Bxf4 12. Nxf4 0-0 13. Rad1 e5 14. Nh5 Nxh5 15. Qxh5 e4 16. Rfe1 Qf4 17. h3 Be6 18. Bxe6 fxe6 19. Qe2 Rf6 20. Rd2 Raf8 21. Qe3 Qf5 22. a3 Rg6 23. Ree2 Rff6 24. Kf1 Qb5 25. c3 Rf5 26. Qxe4 Rgf6 27. f3 Qc4 28. Kg1 b5 29. Re3 a5 30. Rde2 a4 31. Qd3 Qd5 32. Re5 Rxe5 33. Rxe5 Qa2 34. Re2 Qd5 35. Kf2 Qb3 36. Qe4 Qc4 37. f4 Qb3 38. Qxc6 e5 39. Qe8+ 1-0

[Event "San Sebastian Primavera de Gros op 11th"]
[Site "San Sebastian"]
[Date "2015.06.13"]
[Round "8"]
[White "Galarza Cenzano, Inigo"]
[Black "Vicente Ezeiza, Mikel"]
[Result "1-0"]
[WhiteElo "2024"]
[BlackElo "1805"]
[PlyCount "101"]
[EventDate "2015.04.25"]
[EventType "swiss"]
[EventRounds "8"]
[EventCountry "ESP"]
[SourceTitle "EXT 2019"]
[Source "ChessBase"]
[SourceDate "2018.10.10"]
[SourceVersion "1"]
[SourceVersionDate "2018.10.10"]
[SourceQuality "1"]

1. e4 c5 2. Nc3 d6 3. f4 Nc6 4. Nf3 g6 5. Bb5 Bg7 6. Bxc6+ bxc6 7. d3 e6 8. 0-0 Ne7 9. e5 d5 10. Na4 Qa5 11. b3 Nf5 12. Qe1 Qxe1 13. Rxe1 Bf8 14. g4 Nd4 15. Nxd4 cxd4 16. Bb2 c5 17. Ba3 Bd7 18. Nxc5 Rc8 19. Nxd7 Kxd7 20. Bxf8 Rhxf8 21. Re2 Rc3 22. Rf1 Rfc8 23. Rff2 a5 24. a4 Ke7 25. Kg2 f5 26. exf6+ Kxf6 27. Kg3 R3c7 28. h4 Rc6 29. g5+ Kf7 30. Kg4 h5+ 31. gxh6 Rh8 32. Kg5 Rcc8 33. Re1 Rxh6 34. Kxh6 Kf6 35. Rxe6+ Kxe6 36. Kg5 Kf7 37. Re2 Rc6 38. h5 gxh5 39. f5 Rc8 40. Rh2 Rg8+ 41. Kf4 Re8 42. Rxh5 Re2 43. Rh7+ Kf6 44. Rh6+ Kf7 45. Rc6 Ke7 46. f6+ Kf7 47. Kf5 Kf8 48. Rc7 Re1 49. Re7 Re3 50. Re5 Rh3 51. Ke6 1-0

[Event "San Sebastian Primavera de Gros op 11th"]
[Site "San Sebastian"]
[Date "2015.05.09"]
[Round "3"]
[White "Vargas Drechsler, Carlos"]
[Black "Galarza Cenzano, Inigo"]
[Result "1-0"]
[WhiteElo "1835"]
[BlackElo "2024"]
[PlyCount "71"]
[EventDate "2015.04.25"]
[EventType "swiss"]
[EventRounds "8"]
[EventCountry "ESP"]
[SourceTitle "EXT 2019"]
[Source "ChessBase"]
[SourceDate "2018.10.10"]
[SourceVersion "1"]
[SourceVersionDate "2018.10.10"]
[SourceQuality "1"]

1. e4 c6 2. d4 d5 3. Nc3 dxe4 4. Nxe4 Bf5 5. Ng3 Bg6 6. N1e2 e6 7. h4 h6 8. Nf4 Bh7 9. Bc4 Nf6 10. 0-0 Bd6 11. Nxe6 fxe6 12. Bxe6 Na6 13. Nh5 Kf8 14. Re1 Bg6 15. Nf4 Bf7 16. Qf3 Nc7 17. Bf5 Bxf4 18. Bxf4 Nce8 19. Rad1 Qa5 20. Re5 Qxa2 21. g4 Rd8 22. Rde1 Qxb2 23. g5 hxg5 24. hxg5 Bd5 25. Rxd5 Rxd5 26. Be5 Rxe5 27. dxe5 Qb4 28. Rd1 Qh4 29. Qa3+ Kg8 30. Be6+ Kh7 31. Qd3+ g6 32. gxf6 Qg5+ 33. Qg3 Qxg3+ 34. fxg3 Rf8 35. Rd8 Nc7 36. Rd7+ 1-0

[Event "San Sebastian Primavera de Gros op 11th"]
[Site "San Sebastian"]
[Date "2015.04.25"]
[Round "1"]
[White "Galarza Cenzano, Inigo"]
[Black "Muriel Dominguez, Mariano"]
[Result "1-0"]
[WhiteElo "2024"]
[BlackElo "1601"]
[PlyCount "59"]
[EventDate "2015.04.25"]
[EventType "swiss"]
[EventRounds "8"]
[EventCountry "ESP"]
[SourceTitle "EXT 2019"]
[Source "ChessBase"]
[SourceDate "2018.10.10"]
[SourceVersion "1"]
[SourceVersionDate "2018.10.10"]
[SourceQuality "1"]

1. e4 Nc6 2. g3 e5 3. Bg2 Nf6 4. Nc3 Be7 5. Nge2 d6 6. h3 a6 7. 0-0 Rb8 8. d4 exd4 9. Nxd4 Nxd4 10. Qxd4 0-0 11. a4 Be6 12. Kh2 Nd7 13. f4 f5 14. Re1 Bf6 15. Qd2 Kh8 16. exf5 Bxf5 17. Nd5 c6 18. Ne3 Be7 19. Qe2 Bg6 20. f5 Bf7 21. Ng4 Re8 22. Qd1 d5 23. Bf4 Rc8 24. a5 Bb4 25. Rxe8+ Bxe8 26. Qd4 Bxa5 27. Rxa5 Qxa5 28. Bh6 Nf6 29. Bxg7+ Kxg7 30. Qxf6+ 1-0

[Event "Gipuzkoa-ch"]
[Site "Donostia"]
[Date "2014.10.04"]
[Round "1.6"]
[White "Burgana Lardizabal, Jose Angel"]
[Black "Galarza Cenzano, Inigo"]
[Result "1-0"]
[WhiteElo "1797"]
[BlackElo "2020"]
[PlyCount "85"]
[EventDate "2014.10.04"]
[EventType "swiss"]
[EventRounds "7"]
[EventCountry "ESP"]
[SourceTitle "EXT 2024"]
[Source "ChessBase"]
[SourceDate "2023.10.10"]
[SourceVersion "1"]
[SourceVersionDate "2023.10.10"]
[SourceQuality "1"]

1. d4 d6 2. Nf3 Nf6 3. Bf4 g6 4. e3 Bg7 5. Be2 c5 6. c3 Qb6 7. b3 Nc6 8. 0-0 0-0 9. Nbd2 cxd4 10. Nc4 Qd8 11. exd4 b5 12. Ne3 b4 13. c4 Ne4 14. Nc2 Nc3 15. Qd2 Bf5 16. Bd3 Bxd3 17. Qxd3 e5 18. Nxb4 Nxd4 19. Nxd4 exd4 20. Rfe1 Qb6 21. Nc2 Rac8 22. Kf1 d5 23. Na3 Qa5 24. Bc1 Rfe8 25. Bb2 dxc4 26. Nxc4 Rxe1+ 27. Rxe1 Qxa2 28. Nd6 Rf8 29. Nc4 Qxb3 30. Ba1 Qb5 31. Bxc3 dxc3 32. Rb1 Qc5 33. Ne3 a5 34. Rb5 Qa3 35. g3 a4 36. Kg2 Re8 37. Rb7 Qa2 38. Qd7 Rxe3 39. Rb8+ Bf8 40. Qd6 Kg7 41. Qxf8+ Kf6 42. Qh8+ Kf5 43. Rb5+ 1-0

[Event "Donostia Spring op 10th"]
[Site "Donostia"]
[Date "2014.05.31"]
[Round "4.1"]
[White "Guijarro Galan, Jose Luis"]
[Black "Galarza Cenzano, Inigo"]
[Result "1-0"]
[WhiteElo "2171"]
[BlackElo "2035"]
[PlyCount "62"]
[EventDate "2014.05.10"]
[EventType "swiss"]
[EventRounds "7"]
[EventCountry "ESP"]
[SourceTitle "EXT 2024"]
[Source "ChessBase"]
[SourceDate "2023.10.10"]
[SourceVersion "1"]
[SourceVersionDate "2023.10.10"]
[SourceQuality "1"]

1. e4 c6 2. c4 d6 3. d4 Nf6 4. Nc3 g6 5. f3 Bg7 6. Be3 0-0 7. Qd2 e5 8. Nge2 Nbd7 9. 0-0-0 Qa5 10. Kb1 b5 11. cxb5 cxb5 12. dxe5 dxe5 13. Nc1 b4 14. Nb5 Rb8 15. Nb3 Qa4 16. Nc7 a6 17. g4 Nxg4 18. fxg4 Nf6 19. Bd3 Bxg4 20. Rc1 Bf3 21. Nc5 Qa5 22. Rhf1 Bg4 23. N7xa6 Ra8 24. Nxb4 Rfb8 25. a3 Rc8 26. Qg2 Rcb8 27. Bd2 Qd8 28. Rxf6 Bxf6 29. Qxg4 Qd4 30. Qd7 Qf2 31. Bc4 Rd8 1-0

[Event "Donostia Spring op 10th"]
[Site "Donostia"]
[Date "2014.05.24"]
[Round "3.3"]
[White "Galarza Cenzano, Inigo"]
[Black "Izagirre Alsua, Aritz"]
[Result "1-0"]
[WhiteElo "2035"]
[BlackElo "1912"]
[PlyCount "51"]
[EventDate "2014.05.10"]
[EventType "swiss"]
[EventRounds "7"]
[EventCountry "ESP"]
[SourceTitle "EXT 2024"]
[Source "ChessBase"]
[SourceDate "2023.10.10"]
[SourceVersion "1"]
[SourceVersionDate "2023.10.10"]
[SourceQuality "1"]

1. e4 c5 2. Nc3 a6 3. a4 Nc6 4. g3 g6 5. Bg2 Bg7 6. Nge2 e6 7. 0-0 Nge7 8. d3 0-0 9. f4 d6 10. Kh1 Rb8 11. g4 f5 12. gxf5 exf5 13. Ng3 Be6 14. Nce2 b6 15. exf5 Bxf5 16. Nxf5 Rxf5 17. Ng3 Rf8 18. f5 Nd4 19. Bg5 Ndxf5 20. Nxf5 Rxf5 21. Rxf5 gxf5 22. Qe1 Kf8 23. Qh4 h6 24. Bxh6 Bxh6 25. Qxh6+ Ke8 26. Re1 1-0

[Event "Donostia Spring op 10th"]
[Site "Donostia"]
[Date "2014.05.17"]
[Round "2.5"]
[White "Fuente San Sebastian, Ernesto"]
[Black "Galarza Cenzano, Inigo"]
[Result "0-1"]
[WhiteElo "1839"]
[BlackElo "2035"]
[PlyCount "44"]
[EventDate "2014.05.10"]
[EventType "swiss"]
[EventRounds "7"]
[EventCountry "ESP"]
[SourceTitle "EXT 2024"]
[Source "ChessBase"]
[SourceDate "2023.10.10"]
[SourceVersion "1"]
[SourceVersionDate "2023.10.10"]
[SourceQuality "1"]

1. e4 c6 2. d4 d5 3. exd5 cxd5 4. c4 Nf6 5. Nc3 e6 6. Nf3 Bb4 7. a3 Bxc3+ 8. bxc3 Ne4 9. Bd3 Qa5 10. 0-0 Qxc3 11. Bf4 0-0 12. Qb1 f5 13. cxd5 exd5 14. Rc1 Qa5 15. Bc7 b6 16. Ne5 Na6 17. Nc6 Qd2 18. Ne7+ Kh8 19. Nxc8 Qxf2+ 20. Kh1 Nxc7 21. Rxc7 Raxc8 22. Qb4 Qf4 0-1

[Event "Euskadi-ch"]
[Site "Zornotza"]
[Date "2014.04.23"]
[Round "3"]
[White "Galarza Cenzano, Inigo"]
[Black "Rodriguez Gonzalez, Alex"]
[Result "1-0"]
[WhiteElo "2035"]
[BlackElo "1971"]
[PlyCount "161"]
[EventDate "2014.04.21"]
[EventType "swiss"]
[EventRounds "7"]
[EventCountry "ESP"]
[SourceTitle "CBM 160 Extra"]
[Source "ChessBase"]
[SourceDate "2014.07.01"]
[SourceVersion "1"]
[SourceVersionDate "2014.07.01"]
[SourceQuality "1"]

1. d4 Nf6 2. c4 c5 3. d5 e6 4. Nc3 exd5 5. cxd5 Bd6 6. Nf3 0-0 7. Bg5 Re8 8. e3 Bc7 9. Be2 d6 10. 0-0 Ba5 11. Qa4 Bxc3 12. bxc3 Nbd7 13. Bb5 Nb6 14. Qh4 Bd7 15. Bxf6 Qxf6 16. Qxf6 gxf6 17. Bxd7 Nxd7 18. c4 Ne5 19. Nd2 Nd3 20. Rfb1 Re7 21. Rb3 Ne5 22. f3 f5 23. Kf2 f6 24. Rc1 Rae8 25. Rc2 a6 26. a4 Rd7 27. a5 Rb8 28. Ke2 Re8 29. Rb6 Ng6 30. Rc3 Kf7 31. Kf2 h5 32. g3 Ne5 33. e4 f4 34. gxf4 Ng6 35. Ke3 Nh4 36. Rcb3 Ree7 37. Kf2 Kf8 38. Nf1 Ng6 39. Ng3 Nxf4 40. Nf5 Rf7 41. Rxd6 Rxd6 42. Nxd6 Rg7 43. Nf5 Rg2+ 44. Ke3 Ng6 45. Rxb7 Ne5 46. d6 Ke8 47. Ng7+ Kd8 48. Ne6+ Kc8 49. Rc7+ Kb8 50. d7 Rg8 51. Rxc5 Nxd7 52. Rxh5 Ne5 53. Rh7 Nxc4+ 54. Kf4 Nxa5 55. Nc5 Nc6 56. Nxa6+ Ka8 57. Nc5 Ne5 58. Nd7 Nd3+ 59. Ke3 Ne1 60. Nxf6 Ng2+ 61. Kf2 Rg6 62. e5 Nf4 63. Ke3 Ne6 64. f4 Rg1 65. Nd5 Re1+ 66. Kf3 Nd4+ 67. Kf2 Re2+ 68. Kg3 Re1 69. h4 Rg1+ 70. Kf2 Rg4 71. h5 Kb8 72. Ke3 Ne6 73. h6 Rh4 74. Rh8+ Kb7 75. h7 Rh3+ 76. Ke4 Rh4 77. Kf5 Nd4+ 78. Kg5 Nf3+ 79. Kf6 Nh2 80. e6 Ng4+ 81. Kg5 1-0

[Event "Euskadi-chT (Vasca) Div 1st"]
[Site "Bergara"]
[Date "2014.03.08"]
[Round "9.3"]
[White "Marchena Hurtado, Javier"]
[Black "Galarza Cenzano, Inigo"]
[Result "1-0"]
[WhiteElo "2119"]
[BlackElo "2031"]
[PlyCount "81"]
[EventDate "2014.01.11"]
[EventType "team-tourn"]
[EventRounds "9"]
[EventCountry "ESP"]
[SourceTitle "EXT 2024"]
[Source "ChessBase"]
[SourceDate "2023.10.10"]
[SourceVersion "1"]
[SourceVersionDate "2023.10.10"]
[SourceQuality "1"]

1. e4 c6 2. d4 d5 3. Nd2 dxe4 4. Nxe4 Bf5 5. Ng3 Bg6 6. h4 h6 7. Nf3 Nd7 8. h5 Bh7 9. Bd3 Bxd3 10. Qxd3 e6 11. Bd2 Ngf6 12. 0-0-0 Be7 13. Ne4 Nxe4 14. Qxe4 Nf6 15. Qe2 Qd5 16. c4 Qe4 17. Qxe4 Nxe4 18. Be3 f5 19. g3 Bg5 20. Nxg5 hxg5 21. Rh2 Kf7 22. g4 fxg4 23. Rg1 Nf6 24. Bxg5 Rxh5 25. Rxh5 Nxh5 26. Rxg4 Nf6 27. Rh4 Kg6 28. Bf4 Rd8 29. Be5 Rd7 30. f3 Kf5 31. Kc2 Kg5 32. Rh1 Kf5 33. Kc3 g6 34. Rh8 Nh7 35. a4 c5 36. b4 cxb4+ 37. Kxb4 Ng5 38. Rf8+ Nf7 39. a5 Kg5 40. Bb8 Nd8 41. Bf4+ 1-0

[Event "Euskadi-chT (Vasca) Div 1st"]
[Site "Bergara"]
[Date "2014.02.01"]
[Round "4.4"]
[White "Manso Marquez, Felix"]
[Black "Galarza Cenzano, Inigo"]
[Result "1-0"]
[WhiteElo "2084"]
[BlackElo "2031"]
[PlyCount "105"]
[EventDate "2014.01.11"]
[EventType "team-tourn"]
[EventRounds "9"]
[EventCountry "ESP"]
[SourceTitle "EXT 2024"]
[Source "ChessBase"]
[SourceDate "2023.10.10"]
[SourceVersion "1"]
[SourceVersionDate "2023.10.10"]
[SourceQuality "1"]

1. d4 Nf6 2. c4 g6 3. Nc3 Bg7 4. e4 d6 5. Be2 0-0 6. Bg5 Na6 7. Qd2 e5 8. d5 Qe8 9. f3 c6 10. g4 cxd5 11. cxd5 Bd7 12. h4 b5 13. h5 Nc5 14. b4 Na4 15. Nxa4 bxa4 16. a3 Bb5 17. Rc1 a5 18. h6 Bh8 19. bxa5 Bxe2 20. Nxe2 Nd7 21. Rc6 Nc5 22. Rxd6 Nb3 23. Qb4 Nd4 24. Kf2 f5 25. gxf5 Nxf5 26. exf5 Rxf5 27. Be3 Qf8 28. Rh3 Bf6 29. Rd7 Qe8 30. Qb7 Rb8 31. Rg7+ Kh8 32. Rxh7+ Kg8 33. Qd7 Qf8 34. Rg3 Bh4 35. Rg7+ Kh8 36. R7xg6 Rxf3+ 37. Kg2 Rxe3 38. Qg7+ Qxg7 39. hxg7+ Kh7 40. Rxe3 Kxg6 41. Rxe5 Kxg7 42. Re4 Bd8 43. Rxa4 Kf6 44. Nd4 Ra8 45. Nc6 Bc7 46. Kf3 Kf5 47. Ke3 Re8+ 48. Kd3 Bd6 49. Kc4 Ke4 50. a6 Ra8 51. a7 Bf8 52. Rb4 Bd6 53. Rb8 1-0

[Event "Donostia Gipuzkoa-ch"]
[Site "San Sebastian"]
[Date "2013.11.02"]
[Round "5"]
[White "Fernandez del Pozo, Anibal"]
[Black "Galarza Cenzano, Inigo"]
[Result "0-1"]
[WhiteElo "1853"]
[BlackElo "2034"]
[PlyCount "69"]
[EventDate "2013.10.05"]
[EventType "swiss"]
[EventRounds "7"]
[EventCountry "ESP"]
[SourceTitle "EXT 2015"]
[Source "ChessBase"]
[SourceDate "2014.11.20"]
[SourceVersion "1"]
[SourceVersionDate "2014.11.20"]
[SourceQuality "1"]

1. e4 c6 2. d4 d5 3. exd5 cxd5 4. Bd3 Nc6 5. Nf3 Bg4 6. c3 Nf6 7. 0-0 e6 8. Bf4 Bd6 9. Bxd6 Qxd6 10. h3 Bh5 11. Nbd2 0-0 12. Qc2 Rac8 13. a3 a6 14. Rae1 b5 15. Ne5 Nxd4 16. Qb1 Nc6 17. f4 Bg6 18. Nxg6 hxg6 19. g4 Ne7 20. Rf3 Nd7 21. f5 Ne5 22. Rg3 Nc4 23. Rg2 e5 24. fxg6 fxg6 25. Bxc4 bxc4 26. Qd1 Qc5+ 27. Kh1 e4 28. Qe2 g5 29. Nxe4 dxe4 30. Qxe4 Nd5 31. Qe6+ Kh8 32. Re5 Nf4 33. Rxc5 Nxe6 34. Rxc8 Rxc8 35. Rd2 0-1

[Event "Donostia Spring op 09th"]
[Site "Donostia"]
[Date "2013.05.04"]
[Round "4"]
[White "Argandona Riveiro, Inigo"]
[Black "Galarza Cenzano, Inigo"]
[Result "1-0"]
[WhiteElo "2416"]
[BlackElo "2040"]
[PlyCount "111"]
[EventDate "2013.04.19"]
[EventType "swiss"]
[EventRounds "8"]
[EventCountry "ESP"]
[SourceTitle "EXT 2024"]
[Source "ChessBase"]
[SourceDate "2023.10.10"]
[SourceVersion "1"]
[SourceVersionDate "2023.10.10"]
[SourceQuality "1"]

1. e4 g6 2. d4 Bg7 3. h4 h5 4. c4 d6 5. Nc3 Nf6 6. Bg5 Nbd7 7. f3 c6 8. Qd2 Qa5 9. 0-0-0 a6 10. Qe1 e5 11. Nge2 b5 12. d5 cxd5 13. Nxd5 Qxe1 14. Rxe1 Nxd5 15. cxd5 Nc5 16. Nc3 b4 17. Nb1 Bd7 18. Nd2 f6 19. Be3 Rc8 20. Bxc5 Rxc5+ 21. Kb1 Bh6 22. Nb3 Rc7 23. Bxa6 Ke7 24. Nc1 Ra8 25. Bd3 Ba4 26. b3 Bd7 27. Bc4 Ra3 28. Re2 f5 29. Rc2 Be3 30. Re1 f4 31. Nd3 Rb7 32. Rxe3 fxe3 33. Re2 Bb5 34. Bxb5 Rxb5 35. Rxe3 Ra7 36. Re2 Rc7 37. Rc2 Rxc2 38. Kxc2 Kf6 39. g4 g5 40. hxg5+ Kxg5 41. gxh5 Kxh5 42. Kd2 Kh4 43. Ke3 Kg3 44. f4 exf4+ 45. Nxf4 Ra5 46. Ne2+ Kg4 47. Nc1 Rc5 48. Nd3 Rb5 49. Kd4 Kf3 50. e5 dxe5+ 51. Nxe5+ Ke2 52. d6 Ra5 53. d7 Rxa2 54. Kc5 Rd2 55. Kc6 Kd1 56. Nc4 1-0

[Event "Donostia Gipuzkoa-ch"]
[Site "San Sebastian"]
[Date "2012.11.03"]
[Round "3"]
[White "Galarza Cenzano, Inigo"]
[Black "Ros Eskisabel, Jose Ramon"]
[Result "1-0"]
[WhiteElo "2000"]
[BlackElo "2103"]
[PlyCount "71"]
[EventDate "2012.10.20"]
[EventType "swiss"]
[EventRounds "7"]
[EventCountry "ESP"]
[SourceTitle "EXT 2014"]
[Source "ChessBase"]
[SourceDate "2013.11.20"]
[SourceVersion "1"]
[SourceVersionDate "2013.11.20"]
[SourceQuality "1"]

1. e4 e6 2. d3 d5 3. Nd2 Nf6 4. Ngf3 Nc6 5. Be2 g6 6. 0-0 Bg7 7. c3 a5 8. a4 0-0 9. Qc2 e5 10. Rd1 Re8 11. Nf1 h6 12. Ne3 Be6 13. Nd2 Kh7 14. Nb3 b6 15. Bf3 Qd7 16. exd5 Nxd5 17. d4 exd4 18. Nxd5 Bxd5 19. Bxd5 Qxd5 20. Be3 Qc4 21. Nxd4 Ne5 22. b3 Qa6 23. Nb5 Re7 24. Bf4 Rae8 25. h3 Qb7 26. Nd4 Qc8 27. Re1 c5 28. Ne2 Qa6 29. Be3 f5 30. Red1 Kh8 31. Rd6 Re6 32. Rad1 Kh7 33. Nf4 Rf6 34. Rxf6 Bxf6 35. Rd6 Be7 36. Re6 1-0

[Event "Donostia Gipuzkoa-ch"]
[Site "San Sebastian"]
[Date "2012.10.27"]
[Round "2"]
[White "Galarza Cenzano, Inigo"]
[Black "Aparicio Mola, Luis"]
[Result "1-0"]
[WhiteElo "2000"]
[BlackElo "1530"]
[PlyCount "95"]
[EventDate "2012.10.20"]
[EventType "swiss"]
[EventRounds "7"]
[EventCountry "ESP"]
[SourceTitle "EXT 2014"]
[Source "ChessBase"]
[SourceDate "2013.11.20"]
[SourceVersion "1"]
[SourceVersionDate "2013.11.20"]
[SourceQuality "1"]

1. e4 c5 2. Nc3 e6 3. f4 d5 4. Nf3 Nf6 5. Bb5+ Nc6 6. exd5 exd5 7. Qe2+ Be7 8. Bxc6+ bxc6 9. Ne5 Qc7 10. b3 0-0 11. Ba3 Re8 12. 0-0 Bd6 13. Qf2 Bxe5 14. fxe5 Rxe5 15. Qg3 Nh5 16. Qh4 Ba6 17. Rf3 Qa5 18. d4 cxd4 19. Bd6 Re3 20. Qxd4 Rxf3 21. gxf3 Qb6 22. Bc5 Qc7 23. Re1 Qf4 24. Qxf4 Nxf4 25. Re7 h5 26. Kf2 Ne6 27. Rxa7 Rxa7 28. Bxa7 Kf8 29. Na4 g5 30. Ke3 f5 31. Bc5+ Ke8 32. Bd6 Kd7 33. Be5 Kc8 34. Nb6+ Kb7 35. Nd7 c5 36. c3 h4 37. Nf6 Kc6 38. Nh7 Bb7 39. Bf6 g4 40. fxg4 fxg4 41. Bxh4 d4+ 42. cxd4 Nxd4 43. Bg3 Kb5 44. Nf6 Bc8 45. Ne4 Nc2+ 46. Kd2 Nb4 47. a3 Nc6 48. Nd6+ 1-0

[Event "San Sebastian Primavera de Gros op 8th"]
[Site "San Sebastian"]
[Date "2012.04.21"]
[Round "1"]
[White "Galarza Cenzano, Inigo"]
[Black "Munoz Avila, Jose Luis"]
[Result "1-0"]
[WhiteElo "2002"]
[BlackElo "1604"]
[PlyCount "77"]
[EventDate "2012.04.21"]
[EventType "swiss"]
[EventRounds "7"]
[EventCountry "ESP"]
[SourceTitle "EXT 2014"]
[Source "ChessBase"]
[SourceDate "2013.11.20"]
[SourceVersion "1"]
[SourceVersionDate "2013.11.20"]
[SourceQuality "1"]

1. c4 Nc6 2. Nc3 e6 3. g3 Nge7 4. Bg2 d6 5. Nf3 Nf5 6. 0-0 g6 7. d3 Bg7 8. Bg5 Qd7 9. Ne4 d5 10. cxd5 exd5 11. Nf6+ Bxf6 12. Bxf6 0-0 13. b3 Qd6 14. Bb2 Re8 15. Nd2 d4 16. Rc1 Be6 17. Bxc6 bxc6 18. Ne4 Qe7 19. Rxc6 Nd6 20. Nxd6 cxd6 21. Bxd4 Bd5 22. Rc2 Rab8 23. e4 Ba8 24. Qd2 d5 25. e5 Rbc8 26. Rfc1 Qd7 27. Qf4 Rxc2 28. Rxc2 Bc6 29. Rc5 Bb5 30. Qf3 Rc8 31. e6 fxe6 32. Rxc8+ Qxc8 33. Qf6 Qc1+ 34. Kg2 Qh6 35. Qxe6+ Kf8 36. Bc5+ Kg7 37. Qe7+ Kh8 38. Qd8+ Kg7 39. Qf8# 1-0

[Event "Euskadi-chT (Vasca) Div 1st"]
[Site "Bergara"]
[Date "2012.01.21"]
[Round "2.3"]
[White "Tetimov, Ivan"]
[Black "Galarza Cenzano, Inigo"]
[Result "1/2-1/2"]
[WhiteElo "2032"]
[BlackElo "2002"]
[PlyCount "87"]
[EventDate "2012.01.14"]
[EventType "team-tourn"]
[EventRounds "9"]
[EventCountry "ESP"]
[SourceTitle "EXT 2024"]
[Source "ChessBase"]
[SourceDate "2023.10.10"]
[SourceVersion "1"]
[SourceVersionDate "2023.10.10"]
[SourceQuality "1"]

1. d4 c5 2. Nf3 cxd4 3. Nxd4 Nc6 4. c4 Nf6 5. Nc3 g6 6. g3 Bg7 7. Bg2 0-0 8. 0-0 Qb6 9. Nc2 d6 10. b3 Ng4 11. Nd5 Qd8 12. Rb1 Be6 13. Bb2 Bxb2 14. Rxb2 Bxd5 15. Bxd5 Qb6 16. e3 Nf6 17. Bg2 Ne5 18. Qd4 Qc7 19. Rd1 Nc6 20. Qd2 Rac8 21. Nd4 Nxd4 22. Qxd4 b6 23. f4 Qc5 24. Qxc5 Rxc5 25. Rbd2 Rfc8 26. Bb7 R8c7 27. Bd5 Nxd5 28. Rxd5 Rxd5 29. Rxd5 f5 30. Kf2 Rc5 31. e4 Kf7 32. Ke3 Ke6 33. Kd4 Rxd5+ 34. exd5+ Kd7 35. b4 a6 36. a4 Kc7 37. h3 h5 38. c5 b5 39. axb5 axb5 40. cxd6+ exd6 41. Ke3 Kd7 42. Kf3 Ke7 43. h4 Kf6 44. Ke3 1/2-1/2